Personálne predpoklady podnikania vo výrobe diplomová práca

Gespeichert in:
Bibliographische Detailangaben
1. Verfasser: Mireková, Dominika
Körperschaft: Fakulta podnikového manažmentu EU. Katedra manažmentu výroby a logistiky - zrušená
Weitere Verfasser: Dupaľ, Andrej
Format: Buch
Sprache:Slowakisch
Veröffentlicht: Bratislava 2012
Tags: Tag hinzufügen
Keine Tags, Fügen Sie das erste Tag hinzu!

MARC

LEADER 00000nbm a2200000 4500
001 0154138
005 20161109102133.1
041 0 |a slo 
044 |a SK 
245 1 0 |a Personálne predpoklady podnikania vo výrobe  |b diplomová práca  |c Dominika Mireková ; školiteľ: Andrej Dupaľ 
264 1 |a Bratislava  |c 2012 
300 |a 78 s. 
100 1 |a Mireková, Dominika 
700 1 |a Dupaľ, Andrej 
710 2 |a Fakulta podnikového manažmentu EU. Katedra manažmentu výroby a logistiky - zrušená